Club ayant le plus de victoire en Ligue 2 par région - Statistiques

Statistiques générales
  • Ce quiz a été pris 135 fois
  • Le résultat moyen est 8 sur 13
Statistiques - réponses
Région Victoire Club % Correct
Corse 242 AC Ajaccio
90%
Normandie 305 Le Havre AC
83%
Île de France 141 Red Star FC
76%
Grand Est 253 AS Nancy Lorraine
72%
Hauts-de-France 245 Amiens SC
68%
Auvergne Rhône-Alpes 229 Clermont Foot 63
68%
Bretagne 225 EA Guingamp
68%
Bourgogne Franche-Comté 199 FC Sochaux Montbéliard
63%
Occitanie 231 Nîmes Olympique
63%
Pays de la Loire 287 Stade Lavallois
60%
Nouvelle-Aquitaine 290 Chamois Niortais
44%
Centre Val-de-Loire 310 LB Châteauroux
44%
Provence-Alpes-Côte d'Azur 134 Istres FC
30%
Aucun quiz correspondant
Distribution des résultats
% des personnes avec chaque résultat
Percentile par nombre de réponses
Votre historique - résultats
Vous n’avez pas pris ce quiz